000 00360pam a2200157a 44500
008 230515b1953 xxu||||| |||| 00| 0 eng d
020 _aNULL
041 _aENGLISH
082 _aNULL
100 _aAFHL
245 _aMINNESOTA INTERNATIONAL HYDROLIC CONVERDON
250 _a1953
260 _aDELHI
_bASM PRESS
_c1953
300 _a570-HB
650 _aNULL
999 _c661459
_d661459